000 00901cam a2200289 i 4500
001 000007759
003 DO-SdBNP
005 20240812150237.0
007 ta
008 890817s1988 sp 001 f spa
020 _a8423918467
040 _aDO-SdBNP
_bspa
_cBNPHU
_erda
082 4 _a863.6
_bV393d
_222
100 1 _aVaz de Soto, José María.
_d1938-
_921449
_eautor
245 1 0 _aDespenaperros /
_cJosé María Vaz de Soto ; prólogo, Víctor Márquez Reviriego.
264 _aMadrid :
_bEspasa Calpe,
_c1988.
300 _a340 páginas ;
_c18 cm.
336 _2rdacontent
_atexto
_btxt
337 _2rdamedia
_asin mediación
_bn
338 _2rdacarrier
_avolumen
_bnc
490 1 _aAustral
490 1 _aLiteratura
_v46
650 4 _aNovela española
_91123
650 4 _aLiteratura española
_ySiglo XX
_93326
700 1 _aMárquez Reviriego, Víctor,
_eprólogo
_921450
942 _2ddc
_cLBS1
999 _c7537
_d7537